Normal view
MARC view
Entry Meeting Name
001 - CONTROL NUMBER
- control field: 5544
003 - CONTROL NUMBER IDENTIFIER
- control field: OSt
005 - DATE AND TIME OF LATEST TRANSACTION
- control field: 20211105132655.0
008 - FIXED-LENGTH DATA ELEMENTS
- fixed length control field: 211105|| aca||aabn | a|a d
040 ## - CATALOGING SOURCE
- Original cataloging agency: OSt
- Transcribing agency: OSt
111 ## - HEADING--MEETING NAME
- Meeting name or jurisdiction name as entry element: Conference on interstellar grains
- Location of meeting: New york
- Date of meeting or treaty signing: 1965 Aug. 24-26
670 ## - SOURCE DATA FOUND
- Source citation: Work cat.: (OSt): Conference on interstellar grains New york 1965 Aug. 24-26,, Interstellar grains, 1967